[Event "SCG-ch 2nd"]
[Site "Pancevo"]
[Date "2006.02.27"]
[Round "1"]
[White "Vuckovic, Bojan"]
[Black "Miladinovic, Igor"]
[Result "1-0"]
[WhiteElo "2506"]
[BlackElo "2607"]
[Annotator "Ribli,Z"]
[PlyCount "65"]
[EventDate "2006.02.27"]
[EventType "tourn"]
[EventRounds "13"]
[EventCountry "YUG"]
[EventCategory "11"]
[SourceTitle "CBM 112"]
[Source "ChessBase"]
[SourceDate "2006.06.07"]
[SourceVersion "1"]
[SourceVersionDate "2006.06.07"]
[SourceQuality "1"]

1. e4 c5 2. Nf3 Nc6 3. d4 cxd4 4. Nxd4 Qc7 {Eine heutzutage schon seltene
Zugfolge - jetzt kann Weiß mit 5.c4!? fortsetzen und nach 5...Qe5 6.Be3 oder
nach 5...Nf6 6.Nc3 Nxe4 7.Nxe4 Qe5 8.Nb5 (8.Be3) bekommt Weiß gefährliche
Angriffschancen.} 5. Nc3 e6 6. Be3 a6 7. Qd2 Nf6 8. O-O-O Bb4 9. f3 b5 10. Bf4
Ne5 11. Kb1 $5 {[%mdl 4] Eine ruhige positionelle Fortsetzung statt 11.Nc6!? -
Weiß verbessert seine Königsstellung und droht jetzt 12.Ncxb5.} (11. Nc6 $5
Nd3+ (11... Qxc6 12. Bxe5 $36 Bb7 13. Qg5 Rc8 14. Qxg7 Rg8 15. Qh6 Bxc3 16.
bxc3 {1-0 Cheparinov,I-Kazantzidis,P/Dos Hermanas 2003/EXT 2004 (25)}) (11...
Bxc3 12. bxc3 $5 (12. Qxc3 Nd3+ 13. Qxd3 (13. cxd3 Qxf4+ 14. Kb1 Qc7 15. Na5
Qxc3 16. bxc3 d6 17. Kc2 Bd7 18. Kd2 Ke7 {0-1 Huerga Leache,M-Spoelman,W/
Belfort 2005/(41)}) 13... Qxf4+ 14. Kb1 Qc7 15. Nd4 Bb7 $11) 12... Qxc6 13.
Bxe5 O-O 14. Bd6 $36) 12. cxd3 Qxc6 13. Kb1 {[%cal Gd1c1,Gc1c6]} Bxc3 (13...
O-O 14. Rc1 Qb7 15. Qf2 (15. d4 d5 16. e5 $14) 15... Be7 16. d4 $14 {[%csl Gd4,
Ge4] 1-0 Vallejo Pons,F-Miladinovic,I/Leon 2001/CBM 90/[Ribli] (43)}) 14. Qxc3
Qxc3 15. bxc3 d5 16. Be5 Bb7 17. c4 bxc4 18. exd5 Nxd5 19. dxc4 Ne3 {1/2-1/2
Shytaj,L-Miladinovic,I/Montecatini Terme 2005/(57)}) 11... Be7 (11... O-O $2
12. Ncxb5 Qa5 (12... Bxd2 13. Nxc7 Bxf4 14. Nxa8 $18) 13. Nc3 $16) (11... Bxc3
12. Bxe5 (12. Qxc3 Qxc3 13. bxc3 d6 14. Bxe5 dxe5 15. Nc6 Bb7 (15... Nd7) 16.
Nxe5 Rc8) 12... Bxd2 (12... Qxe5 13. Qxc3 O-O $2 14. Nxb5) 13. Bxc7 $14) 12.
Ndxb5 (12. Bxe5 Qxe5 13. f4 Qc7 14. e5 b4 $132) 12... axb5 13. Nxb5 Qb8 (13...
Qc5 14. b4) 14. Qc3 {[%cal Rb5c7,Rc7a8,Rc7e8,Rf4b8,Rc3e5]} d6 15. Bxe5 dxe5 16.
Nc7+ Kf8 17. Nxa8 Qxa8 18. Qxe5 $16 {[%csl Ga2,Gb2,Gc2,Rf8,Rh8][%cal Gd1d8]
[%mdl 1024] Weiß hat drei Bauern und Turm gegen zwei Leichtfiguren. Das
Hauptproblem für Schwarz ist die Entwicklung des Königsflügels, denn auf der
anderen Seite, am Damenflügel, kann Weiß seine Bauern mobilisieren.} h5 19. Bb5
Qb7 (19... h4 20. Qc7 Bb7 21. Rd4 Rh5 22. Rhd1 Rxb5 23. Rd8+ Bxd8 24. Rxd8+
Qxd8 25. Qxd8+ Ne8 26. Qxh4 $18) 20. Rd3 {[%cal Gh1d1,Gd1d8]} h4 {[%cal Gh8h5,
Gh5b5]} 21. Rhd1 {[%cal Rd1d8,Rd8f8] Weiß hat ausgezeichnetes Figurenspiel, es
droht 22.Rd8+.} Kg8 (21... Rh5 $2 22. Rd8+ Bxd8 23. Rxd8+ $18) 22. a4 {[%csl
Ga4]} (22. Rc3 Rh5 23. Qc7 $18) 22... Rh5 23. Qd4 e5 (23... Rc5 24. Rc3 Rxc3
25. Qxc3 $18) (23... Bc5 24. Qc3 $18) 24. Qc3 Be6 {Endlich konnte Schwarz
seine Entwicklung beenden, aber das ist alles, Weiß hat freie Hand am
Damenflügel.} 25. Bc4 $1 Qa7 (25... Bxc4 26. Qxc4 Rg5 27. Rb3 Qa7 28. Qc8+ Bf8
29. Rb7 $18) (25... Bd7 26. Qb3 Qxb3 27. Bxb3 $18) 26. Bxe6 fxe6 27. Qc6 $18 {
[%csl Re6]} Kf7 28. Rb3 Rg5 29. Rb7 {[%csl Gb7,Gc6,Gd1]} (29. Rb6 Rxg2 30.
Qxe6+ Kf8 31. a5 Rxh2 32. Qxe5 $18) 29... Qf2 30. Rxe7+ $1 (30. Qc7 Ng8 31. Rd8
$18) 30... Kxe7 31. Qc7+ {[%csl Re7]} Kf8 32. Rd8+ Ne8 33. Qc6 1-0

[Event "EU-Cup 10th final"]
[Site "Lyon"]
[Date "1994.11.19"]
[Round "2"]
[White "Tseitlin, Mark D"]
[Black "Dorfman, Josif D"]
[Result "1/2-1/2"]
[WhiteElo "2465"]
[BlackElo "2595"]
[Annotator "Ribli,Z"]
[PlyCount "63"]
[EventDate "1994.11.18"]
[EventType "team-k.o."]
[EventRounds "3"]
[EventCountry "FRA"]
[SourceTitle "EXT 2020"]
[Source "ChessBase"]
[SourceDate "2019.10.17"]
[SourceVersion "1"]
[SourceVersionDate "2019.10.17"]
[SourceQuality "1"]
[WhiteTeam "Beer-Sheva Chess Club"]
[BlackTeam "Lyon-Oyonnax Echecs"]
[WhiteTeamCountry "ISR"]
[BlackTeamCountry "FRA"]

1. e4 c5 2. Nf3 e6 3. d4 cxd4 4. Nxd4 Nc6 5. Nc3 Qc7 6. Be3 a6 7. Bd3 Nf6 8.
O-O Ne5 9. h3 Bc5 10. Kh1 d6 11. f4 Ned7 (11... Nc6 $2 12. e5 $1 {+/- Kasparov,
G-Anand,V/Tilburg/1991/CBM26/INF53,181/}) (11... Ng6 $5 12. Qf3 (12. Qd2 Bd7
13. Rae1 O-O {= Topalov,V-Haba,P/Budapest zt/1993/CBM34/}) 12... O-O 13. Rae1
b5 14. f5 Ne5 15. Qg3 Kh8 {~ Kuzmin-Skvorcov/USSR/1980/}) 12. Qe2 (12. a4 b6
13. Qe1 Bb7 14. Qg3 g6 15. Rae1 Nh5 16. Qf2 O-O {~ Short,N-Ribli,Z/Brussels
SWIFT/1992/EXP29/}) (12. a3 $5 O-O 13. Qe1 {+= Kasparov,G-Ivanchuk,V/Novgorod/
1994/CBM44/INF61,196/}) 12... b5 13. e5 (13. Nb3 Bxe3 14. Qxe3 Bb7 {=}) 13...
dxe5 14. fxe5 Qxe5 (14... Nxe5 15. Bxb5+ $1 axb5 16. Ndxb5 Qe7 17. Bxc5 $1 (17.
Bf4 Ng6 18. Nc7+ Kf8 19. Nxa8 Bb7 {-/+}) 17... Qxc5 18. b4 $1 {+/-}) 15. Qf3
Bb7 $5 (15... Qb8 16. Be4 {~=}) 16. Qxb7 O-O 17. Nxe6 Qxe6 18. Bf4 (18. Bxc5
Nxc5 19. Qf3 {=}) 18... Ne5 19. Rae1 $6 (19. Bxe5 Qxe5 20. Rae1 {=}) (19. Ne4
$6 Nxd3 20. cxd3 Nxe4 21. Qxe4 Qxe4 22. dxe4 Bd4 {=+}) 19... Ra7 20. Qxa7 Bxa7
21. Rxe5 (21. Bxe5 Re8 {=+}) 21... Qc8 22. Bg5 (22. Re7 Bd4 {=+}) 22... b4 23.
Bxf6 bxc3 (23... gxf6 24. Nd5 {~=}) 24. Rg5 g6 25. Bxc3 Bb8 26. Bd4 Re8 27. b3
Qc7 28. Bg1 Kg7 29. Rg4 Re7 30. Rc4 Qg3 31. Rg4 Qc7 32. Rc4 1/2-1/2

[Event "FIDE World Cup-C"]
[Site "Hyderabad"]
[Date "2002.10.14"]
[Round "5"]
[White "Kasimdzhanov, Rustam"]
[Black "Al Modiahki, Mohamad"]
[Result "1-0"]
[WhiteElo "2653"]
[BlackElo "2550"]
[Annotator "Ribli,Z"]
[PlyCount "104"]
[EventDate "2002.10.05"]
[EventType "tourn"]
[EventRounds "5"]
[EventCountry "IND"]
[EventCategory "16"]
[SourceTitle "CBM 092"]
[Source "ChessBase"]
[SourceDate "2003.02.06"]
[SourceVersion "1"]
[SourceVersionDate "2003.02.06"]
[SourceQuality "1"]

1. e4 c5 2. Nf3 e6 3. d4 cxd4 4. Nxd4 Nc6 5. Nc3 Qc7 6. Be3 a6 7. Qd2 Nf6 8.
O-O-O Bb4 {Das ist eine sehr oft gespielt Variante in der Grossmeisterpraxis.
Mit dieser Fesselung provoziert Schwarzden Zug 9.f3.} 9. f3 Ne5 {Dieser
Springerzug ist die eigentliche Hauptvariante, aber 9...Ne7 kommt auch stark
in Betracht.} (9... d5 $6 10. a3 Bxc3 11. Qxc3 dxe4 12. fxe4 Nxe4 13. Qd3 $44 {
Es ist wahr, dass Schwarz einen Mehrbauern hat, aber Weiss hat mindestens
ausreichende Kompensation.}) 10. Nb3 d5 {Dieser Zug ist zu direkt und gefaellt
mir nicht. Es waere besser 10...b5 ziehen und der Hauptvariante zu folgen.} (
10... b5) 11. Bd4 (11. Qd4 Bxc3 12. bxc3 dxe4 13. Bg5 Nc6 14. Qf2 Qe5 15. Qh4
h6 16. Bxf6 Qxf6 17. Qxe4 Qxc3 18. Qc4 Qxc4 19. Bxc4 Ne5 {0-1 Kochetov,
D-Brylev,I/Moscow 1996/EXT 98 (40)}) 11... O-O 12. a3 {Dieser Zug ist sehr
logisch, aber die Alternative 12.Qg5 bietet Weiss auch dauerhafte Initiative.}
(12. Qg5 Ned7 13. e5 Ne8 14. a3 h6 15. Qe3 Be7 16. f4 b6 17. h4 Nc5 18. Kb1
Nxb3 19. cxb3 Bc5 20. Rc1 Bxd4 21. Qxd4 Qd8 22. Na4 Rb8 23. Nxb6 {1-0
Zagrebelny,S-Brylev,I/Moscow 1995/EXT 2000 (38)}) 12... Bd6 (12... Bxc3 13.
Bxc3 $14 (13. Qxc3 Qxc3 14. Bxc3 $14) 13... dxe4 $2 14. Bb4 $16 {[%cal Rb4f8,
Rd6c7,Rd6e5]} (14. Qf4 $4 Nd3+ $19)) (12... Be7) 13. exd5 exd5 (13... Nxd5 14.
Qf2 $14 (14. Nxd5 exd5 15. Kb1 Bf5 $132)) 14. Qf2 b5 15. g4 $14 {Weiss hat die
Initiative am Koenigsfluegel und der d5P ist isoliert. Dadurch wird das
typische schwarze Gegenspiel am Damenfluegel wesentlich erschwert.} Be6 16. Bd3
Nfd7 (16... Nxd3+ 17. Rxd3 $14 {Schwary hat zwar das Läuferpaar, aber Weiss
kontrolliert die wichtigsten Felder.}) 17. Bf5 $1 Nc4 {[%csl Gc4] Der Springer
steht gut auf c4, aber das ist alles. Schwarz hat keinen wirklichen Angriff am
Damenfluegel.} (17... b4 18. axb4 Bxb4 19. Rhe1 $14) 18. Rhe1 Rfe8 19. Kb1 {
In solchen Stellungen ist das fast immer ein nuetzlicher prophyilaktischer Zug.
} Rac8 20. Re2 {[%cal Gd1e1,Ge1e8][%mdl 32] Weiss spielt positionell - sein
Plan ist die Turmverdoppelung auf der e-Linie.} Bxf5 $6 (20... Qc6 $5 21. Rde1
Bf8) 21. gxf5 {[%cal Gd1g1,Gg1g8,Gd4g7] Die weissen Doppelbauern sind nur
scheinbar schlecht - aber es gibt die g-Linie fuer Weiss, jetzt haengt der
schwarze d5-Bauer und im Folgenden koennen wird die Rolle des f3-Bauern sehen,
wenn er kommt nach f4 kommt und damit Schwarz das Feld e5 nimmt.} Rxe2 22. Qxe2
Qc6 23. Qg2 {[%cal Rg2g8,Gg2d5] Droht Matt auf g7, aber die weisse Dame zielt
auch auf den b5-Bauern.} Bf8 24. Rg1 f6 25. f4 $1 {[%csl Rd5][%cal Rg2d5] Dank
des Doppelbauern konnte Weiss zweimal f4 ziehen und jetzt haengt Pd5 und der
e5-Punkt ist kontrolliert.} Nd6 $6 {Statt der Verteidigung spielt Schwarz auf
Gegenangriff - er beschaeftigt sich nicht mit dem d5-Bauern, sondern moechte
den f5-Bauern gewinnen.} (25... Ndb6 26. Bxb6 Nxb6 27. Nd4 $36 {[%csl Ye6]
[%cal Gd4e6]}) 26. Qxd5+ (26. Nxd5 Kh8 (26... Nxf5 $6 27. Qe4 Nd6 28. Nxf6+
Nxf6 29. Qxc6 Rxc6 30. Bxf6 $16) 27. Ne3 $14) 26... Qxd5 27. Nxd5 Kf7 (27...
Nxf5 28. Bxf6 $16 (28. Nxf6+ Nxf6 29. Bxf6 $16)) 28. Ne3 {Weiss hat einen
Mehrbauern, aber er ist noch sehr weit von Verwertung des Vorteils entfernt.
Der f5P ist wirklich schlecht und die weisse Bauernmehrheit am Damenfluegel
ist nicht leicht zu mobilisieren.} Re8 29. c3 $1 {[%cal Gb1c2,Gc2d3][%mdl 4096]
Weiss moechte seinen Koenig zentralisieren.} Nb8 30. Kc2 Nc6 31. Kd3 Ne7 {
[%csl Rf5] Endlich gewinnt Schwarz den Bauern zurueck.} 32. Nc5 {[%csl Gc5]} a5
33. a4 $1 bxa4 (33... Nexf5 34. Nxf5 Nxf5 35. axb5 Rb8 36. Kc4 (36. c4 $2 Nxd4
(36... Rd8 $19) 37. Kxd4 Rd8+ $19) 36... Nd6+ 37. Kd5 Nxb5 38. Ra1 $14) 34.
Nxa4 (34. Ra1 $14) 34... Nexf5 35. Nxf5 Nxf5 36. Bb6 $1 {[%csl Ra5,Gb2,Gc3]
Der a5P hängt und die weisse Bauern am Damenfluegel werden plötzlich eine
reale Macht.} Bd6 (36... Ra8 37. c4 $16 {[%csl Gc4]}) 37. Rf1 Nh4 {[%cal Gh4g2,
Gg2f4]} 38. c4 Ng2 39. c5 {Das Material am Koenigsfluegel kümmert Weiss nicht,
er konzentriert lieber alle seine Hoffnungen auf Aktivitaet am Damenfluegel.}
Nxf4+ (39... Bxf4 40. Bxa5 $16) 40. Kc4 Re4+ 41. Kb5 $16 {[%csl Ga4,Gb5,Gb6,
Gc5] Schwarz hat einen Bauern mehr, aber alle weissen Figuren am Damenfluegel
sind sehr aktiv.} Be5 42. Bxa5 Ne6 43. b4 {Mit zwei verbundene Freibauern,
besonders mit der Unterstuetzung des Koenigs Weiss steht viel besser.} Nd4+ 44.
Kb6 Bxh2 45. c6 Ne6 46. Nc5 Nxc5 (46... Bc7+ 47. Kb7 Nxc5+ 48. Kxc7 $18) 47.
Kxc5 (47. bxc5 $6 Re7 48. Ka6 $16 {[%cal Gf1b1,Gb1b7]}) 47... Ke6 48. b5 $18 {
[%csl Gb5,Gc6]} Bd6+ 49. Kb6 Rc4 50. Re1+ Be5 51. Kb7 Rc5 52. c7 Kd5 (52...
Rxb5+ 53. Kc6 $18) (52... Kd5 53. c8=Q $18) 1-0

[Event "HUN-ch 56th"]
[Site "Szekesfehervar"]
[Date "2006.03.03"]
[Round "3"]
[White "Szabo, Krisztian"]
[Black "Horvath, Adam"]
[Result "1/2-1/2"]
[WhiteElo "2447"]
[BlackElo "2532"]
[Annotator "Ribli,Z"]
[PlyCount "113"]
[EventDate "2006.03.01"]
[EventType "tourn"]
[EventRounds "9"]
[EventCountry "HUN"]
[EventCategory "13"]
[SourceTitle "CBM 112"]
[Source "ChessBase"]
[SourceDate "2006.06.07"]
[SourceVersion "1"]
[SourceVersionDate "2006.06.07"]
[SourceQuality "1"]

1. e4 c5 2. Nf3 e6 3. d4 cxd4 4. Nxd4 Nc6 5. Nc3 Qc7 6. Be3 a6 7. Qd2 Nf6 8.
O-O-O Bb4 9. f3 Ne5 10. Nb3 b5 {Das ist die Hauptvariante nach 6.Be3, 7.Qd2.}
11. Qe1 {Statt dieser Fortsetzung spielte man früher 11.Bd4 und 11.Kb1 ist
auch eine Alternative.} Be7 12. f4 Ng6 {Dieser scheinbar passive Springerzug
ist in den konkreten Varianten die beste Möglichkeit für Schwarz.} 13. e5 Ng4
14. Ne4 (14. Bd4 Bb7 15. Be2 h5 16. f5 exf5 17. Bf3 Rc8 $15 {0-1 Dobrov,
V-Perunovic,M/Kavala 2004/(37)}) (14. Bd2 Bb7 15. Bd3 Rc8 16. h3 (16. Ne4 O-O
17. Kb1 $5) 16... Nh6 17. Ne4 O-O 18. g4 f5 $13 19. exf6 {[#]} Nxf4 $1 {
[%cal Gc8c1,Rf4d3,Rd3c1] 0-1 Berkes,F-Markus,R/Gothenburg 2005/CBM 109/[Ribli
Zoltan] (35)}) 14... O-O 15. Bc5 {Strategisch ist das gewöhnlich eine gute
Idee von Weiß in dieser Variante - er möchte die schwarzfeldrigen Läufer
tauschen und die Schwäche des d6-Felds nutzen.} (15. Bd3 Bb7 16. Bd2 f5 (16...
Rac8 $5) 17. exf6 Nxf6 18. g3 Rac8 19. Kb1 e5 {1/2-1/2 Ibarra Jerez,J-Delchev,
A/La Roda 2005/(60)}) 15... Bb7 16. Bxe7 Nxe7 17. Nd6 {Weiß hat wirklich eine
starke Springerstellung auf d6, aber der Springer zielt ins Leere, Schwarz
kann den Wirkungskreis des Springers begrenzen und das d5-Feld besetzen.} Bd5
18. Bd3 f6 {Dieser Zug ist ein Schlüsselmotiv in dieser Variante, Schwarz
strebt aktives Gegenspiel am Königsflügel an.} 19. Qh4 (19. h3 Nh6 20. Be4 fxe5
21. fxe5 Rf4 22. g3 Rff8 (22... Rxe4 23. Nxe4 Qxe5) 23. g4 Nf7 24. Nxf7 Rxf7
25. Rh2 Raf8 {0-1 Perunovic,M-Delchev,A/Herceg Novi 2005/(46)}) 19... Nh6 20.
Kb1 Ng6 21. Bxg6 hxg6 22. Qg3 fxe5 23. fxe5 Nf5 {[%cal Gf5d6] Schwarz muss den
starken d6-Springer tauschen.} 24. Nxf5 (24. Qxg6 $6 Nxd6 25. exd6 Qxd6 $15)
24... Rxf5 {[%csl Gd5,Re5][%cal Ga8f8,Gf8f1]} 25. Rhe1 Raf8 26. Qe3 Rf2 27. Rd2
Rf1 28. Nc1 Rxe1 29. Qxe1 Rf5 {[%csl Gc7,Gd5,Gf5][%mdl 2048] Schwarz hat
aktives Figurenspiel, Weiß hat einige Bauernschwächen am Königsflügel.} 30. Re2
Bc4 31. Re3 Rf1 32. Qd2 Bd5 33. b3 Rg1 34. Re2 Qc5 35. Qg5 $1 {[%csl Gg5,Rg8]
Weiß nutzt die Möglichkeit und strebt nach Gegenspiel, es hängt der g6P und im
folgenden kann Weiß Dauerschach anstreben.} Qd4 36. Qxg6 (36. Re3 Be4 (36...
Rxg2 $2 37. Qd8+ Kf7 38. Qxd7+ Kf8 39. Rh3 $18 (39. Rf3+ Bxf3 40. Qxd4 $18))
37. Qd8+ Kf7 38. Rxe4 Qxe4 39. Qxd7+ $11) 36... Qf4 (36... Bf3 37. Qe8+ Kh7 38.
gxf3 Qf4 (38... Rxc1+ 39. Kxc1 Qa1+ 40. Kd2 Qd4+ $11) 39. Qh5+ (39. Kb2 b4 $11)
39... Kg8 40. Qe8+ $11) 37. Qe8+ Kh7 38. Qh5+ Kg8 39. Qe8+ Kh7 40. Qh5+ Qh6 $5
(40... Kg8 $11) 41. Qxh6+ Kxh6 42. g3 Kg5 {[%csl Gg5][%cal Gg5g4,Gg4h3][%mdl
4096]} 43. Kb2 Kg4 44. Nd3 Rg2 (44... Kh3 $2 45. Nf4+) (44... Kf3 $2 45. Rf2+
Ke3 46. Rf7) 45. Rxg2 Bxg2 46. Nc5 {[%cal Gc5a6,Gc5d7]} Kh3 47. Nxd7 Kxh2 48.
c4 bxc4 49. bxc4 Kxg3 50. Nf8 Bh3 $6 (50... Kf4 51. Nxe6+ Kxe5 52. Nxg7 Be4 $11
(52... Kd4 53. Nf5+ Kc5 54. Kc3 Bf1 55. Ne3 Be2 56. a3 a5 57. a4 Bf3 $11)) 51.
c5 Kf4 52. c6 (52. Ng6+ Kg5 (52... Kf5 53. c6 Bg2 54. Nh4+ Kxe5 55. Nxg2 Kd6
56. Nf4 e5 57. Ng6 $18) 53. c6 Bg2 54. c7 Bb7 55. Nh8 Kf4 56. Nf7 a5 57. Nd6
Ba6 58. c8=Q Bxc8 59. Nxc8 Kxe5 60. Kc3 $16) 52... Bg2 53. c7 Bb7 54. Nxe6+
Kxe5 55. Nxg7 Kd6 $11 56. Nf5+ Kxc7 57. Nd4 1/2-1/2

[Event "Olympiad-31"]
[Site "Moscow"]
[Date "1994.12.06"]
[Round "6.1"]
[White "Hjartarson, Johann"]
[Black "Ye, Jiangchuan"]
[Result "1/2-1/2"]
[WhiteElo "2585"]
[BlackElo "2575"]
[Annotator "Ribli,Z"]
[PlyCount "82"]
[EventDate "1994.12.01"]
[EventType "team-swiss"]
[EventRounds "14"]
[EventCountry "RUS"]
[SourceTitle "CBM 045"]
[Source "ChessBase"]
[SourceDate "1995.04.01"]
[SourceVersion "1"]
[SourceVersionDate "1995.04.01"]
[SourceQuality "1"]
[WhiteTeam "Iceland"]
[BlackTeam "China"]
[WhiteTeamCountry "ISL"]
[BlackTeamCountry "CHN"]

1. e4 c5 2. Nf3 Nc6 3. d4 cxd4 4. Nxd4 e6 5. Nc3 Qc7 6. Be3 a6 7. Bd3 b5 $5 8.
O-O (8. Nxc6 Qxc6 9. O-O Bb7 10. a3 Nf6 11. Qe2 Be7 12. f4 O-O 13. Qf3 Bc5 $10
{Khalifman,A-Salov,V/Wijk cm/1994/CBM39/INF59,208/}) 8... Bb7 9. Kh1 Nf6 10. a3
(10. Qe2 Bb4 11. a4 Bxc3 12. bxc3 Nxd4 13. cxd4 Nxe4 $13 {Topalov,V-Benjamin,J/
Groningen PCA/1993/CBM39/}) 10... Nxd4 (10... h5 $5 11. f4 $6 Ng4 12. Bg1 g5 $1
$40 {Antunac,G-Kurajica,B/Jugoslavija/1967/INF04,448/}) 11. Bxd4 Bc5 12. Bxc5
Qxc5 13. Qe2 d6 14. f4 e5 (14... O-O 15. e5 dxe5 16. fxe5 Nd7 17. Bxh7+ (17.
Rae1 {/\ Qh5|^}) 17... Kxh7 18. Qd3+ Kg8 19. Qxd7 Bc6 20. Qd6 Qxd6 21. exd6
Rad8 22. Rad1 Rd7 23. Rd2 Rfd8 24. Rfd1 f6 $14) 15. fxe5 dxe5 16. Rf5 O-O 17.
Raf1 Rae8 18. Qe1 (18. Rxf6 gxf6 19. Qg4+ Kh8 20. Qh4 Rg8 21. Qxf6+ Rg7 $15)
18... Re6 19. R1f3 Qe7 20. Rh3 g6 21. Rf1 Nh5 22. Nd5 (22. Qh4 $6 Qxh4 23. Rxh4
Nf4 $17) 22... Bxd5 23. exd5 Rd6 24. g4 Nf6 25. Qh4 Re8 26. b3 $6 (26. g5 Nh5
27. Be2 $13) (26. Be2 $5 {/\ g5}) 26... h5 $1 27. gxh5 Nxh5 28. c4 Qxh4 29.
Rxh4 bxc4 30. bxc4 Kg7 $1 (30... Nf6 $2 31. c5 Rxd5 32. Bc4 $18) 31. Bb1 $6 (
31. Bc2 {/\ Ba4,Bc6 =/+}) 31... Nf6 $1 32. Ba2 Nd7 33. c5 (33. Rc1 Nc5 {
/\ e4,e3,f5,f4 -/+}) 33... Nxc5 34. Rc4 Nd3 (34... Rxd5 $2 35. Rc2 $16) 35. Rc6
Red8 36. Rb1 e4 37. Kg1 Ne5 $6 (37... e3 $1 38. Kf1 Nf4 39. Ke1 Rxc6 40. dxc6
Rd2 41. Bb3 Rxh2 $19) 38. Rxd6 Rxd6 39. Kf2 Ng4+ 40. Kg3 Nf6 41. Kf4 e3 {Ribli}
1/2-1/2